| 000 | 01659nam a22003137a 4500 | ||
|---|---|---|---|
| 001 | 5269 | ||
| 003 | FISKH | ||
| 005 | 20241121155126.0 | ||
| 008 | 241121b cb ||||| |||| 00| 0 eng d | ||
| 020 | _a9780156032834 | ||
| 040 |
_aFISKH _beng _cFISKH _dFISKH |
||
| 050 | _aPQ6666.E765 | ||
| 082 | _a863.64 | ||
| 100 | _aReverte, Arturo Perez | ||
| 245 |
_aThe Club Dumas / _cby Arturo Pérez-Reverte |
||
| 250 | _aFirst Harvest edition 2006 | ||
| 260 |
_aOrlando : _bHarcout , Inc ; _c1993 . |
||
| 300 |
_a362 pages : _billustrations ; _c21 cm . |
||
| 505 | _aW | ||
| 520 | _aA provocative literary thriller that playfully pays tribute to classic tales of mystery and adventure Lucas Corso is a book detective, a middle-aged mercenary hired to hunt down rare editions for wealthy and unscrupulous clients. When a well-known bibliophile is found dead, leaving behind part of the original manuscript of Alexandre Dumas'sThe Three Musketeers, Corso is brought in to authenticate the fragment. He is soon drawn into a swirling plot involving devil worship, occult practices, and swashbuckling derring-do among a cast of characters bearing a suspicious resemblance to those of Dumas's masterpiece. Aided by a mysterious beauty named for a Conan Doyle heroine, Corso travels from Madrid to Toledo to Paris on the killer's trail in this twisty intellectual romp through the book world. | ||
| 521 | 8 |
_a850
_bLexile estimate |
|
| 521 | 8 |
_aW
_bRaz-Plus |
|
| 650 |
_aSpanish _vfiction |
||
| 650 |
_aAlexandre Dumas _vfiction |
||
| 650 |
_athriller _vfiction |
||
| 700 |
_aSoto, Sonia _etranslator |
||
| 942 |
_2ddc _cBK _n0 |
||
| 999 |
_c5269 _d5269 |
||